| 000 | 01187cab a22002175a 4500 | ||
|---|---|---|---|
| 001 | L143092 | ||
| 008 | 080408e20080405xxk f 000 0 eng d | ||
| 035 | _a(Sirsi) u143092 | ||
| 041 | 0 | _aeng | |
| 100 | 1 | _aMorrison, Adrian | |
| 245 | 0 | 0 |
_aFocus _bEdinburgh |
| 260 | _c2008 | ||
| 490 |
_aEstates Gazette _v(0813) 5 April 2008, 117-139(14) |
||
| 520 | _aExamines the effect that recent changes in the Scottish Parliament might have upon the city's developers. Considers the effect of the credit crunch upon Edinburgh's office market and finds that many agents are still optimistic. Profiles a number of high profile mixed use schemes in prominent locations around the city. Examines the trend underlying these developments. The investment market seems likely to be dominated by private investors. The industrial market is seeing high rents as a result of fierce competition. A retail-led regeneration of St James Quarter seems popular, but the location of its centrepiece tower may irk planners. | ||
| 590 | _aKA | ||
| 651 | 4 | _aEdinburgh | |
| 690 | _aPROPERTY-COMMERCIAL PROPERTY-COMMERCIAL PROPERTY MARKET | ||
| 700 | 1 | _aQuinn, David | |
| 700 | 1 | _aElghamry, Nadia | |
| 942 | _n0 | ||
| 999 |
_c80056 _d80056 |
||